007870000a22002410004500003001100000008004100011040003900052041000800091082001300099100001900112245010600131260000900237300000900246490002900255650002600284650003200310650002700342650003200369650003700401650003900438650003200477650003600509LK-CoMWRAF230817t ||||| |||| 00| 0 eng d aLK-CoMWRAFdLK-CoMWRAFeLK-CoMWRAF aeng a261bZAR aZarook, A.R.M. aPoligamy Qualified, Concubinage, Clarifiedb(of Great use to Lawyers, Law Students, Qadis and Laymen) bac ap.15 aMuslim Personal Law - II aConcubinage Clarified aCourts Approach to Polygamy aIn Defence of Monogamy aMut'ah (Usufruct Marriage)  aOffence of Bigamy vs. Muslim Law aPolygamy to be Treated as DE FATCO aRight to Polygamy Qualified aSafeguards Against a Rival Wife